000 00307nam a2200121Ia 4500
008 240624s9999 xx 000 0 und d
041 _aeng
082 _a340 DHA
100 _aDHALL VINOD
245 _aCOMPETITION LAW TODAY CONCEPT ISSUE AND
260 _aPractice
_bOxford University press
365 _cRS
_b30
999 _c8945
_d8945